Statistics for Periodic Table of Elements by Letter in Symbol in 15 seconds

Click here to take the quiz!

General Stats

  • This quiz has been taken 503 times
  • The average score is 95 of 118

Answer Stats

# Symbol Element % Correct
113NhNihonium
95%
67HoHolmium
95%
45RhRhodium
94%
2HeHelium
94%
108HsHassium
92%
13AlAluminium
92%
57LaLanthanum
92%
107BhBohrium
92%
90ThThorium
92%
80HgMercury
91%
88RaRadium
90%
18ArArgon
90%
20CaCalcium
89%
89AcActinium
89%
31GaGallium
88%
72HfHafnium
88%
1HHydrogen
88%
33AsArsenic
88%
58CeCerium
88%
56BaBarium
88%
79AuGold
88%
10NeNeon
88%
47AgSilver
88%
11NaSodium
88%
4BeBeryllium
87%
34SeSelenium
87%
99EsEinsteinium
87%
63EuEuropium
87%
114FlFlerovium
87%
27CoCobalt
87%
95AmAmericium
86%
102NoNobelium
86%
35BrBromine
85%
37RbRubidium
85%
91PaProtactinium
85%
77IrIridium
85%
118OgOganesson
85%
76OsOsmium
85%
24CrChromium
85%
83BiBismuth
85%
51SbAntimony
85%
49InIndium
84%
55CsCesium
84%
85AtAstatine
84%
50SnTin
84%
28NiNickel
84%
73TaTantalum
84%
21ScScandium
84%
75ReRhenium
84%
112CnCopernicium
84%
71LuLutetium
84%
32GeGermanium
84%
41NbNiobium
84%
103LrLawrencium
84%
68ErErbium
84%
86RnRadon
84%
87FrFrancium
83%
14SiSilicon
83%
3LiLithium
83%
29CuCopper
83%
104RfRutherfordium
83%
17ClChlorine
82%
48CdCadmium
82%
60NdNeodymium
82%
26FeIron
82%
105DbDubnium
81%
111RgRoentgenium
81%
52TeTellurium
81%
97BkBerkelium
81%
82PbLead
81%
65TbTerbium
81%
98CfCalifornium
81%
42MoMolybdenum
80%
12MgMagnesium
80%
110DsDarmstadtium
80%
84PoPolonium
80%
70YbYtterbium
80%
106SgSeaborgium
80%
100FmFermium
79%
36KrKrypton
79%
44RuRuthenium
78%
43TcTechnetium
78%
115McMoscovium
78%
81TlThallium
78%
96CmCurium
78%
94PuPlutonium
78%
93NpNeptunium
78%
101MdMendelevium
77%
59PrPraseodymium
77%
62SmSamarium
77%
22TiTitanium
77%
54XeXenon
76%
38SrStrontium
76%
46PdPalladium
76%
30ZnZinc
76%
64GdGadolinium
75%
8OOxygen
73%
116LvLivermorium
73%
25MnManganese
73%
109MtMeitnerium
72%
69TmThulium
72%
66DyDysprosium
72%
40ZrZirconium
72%
117TsTennessine
71%
78PtPlatinum
70%
61PmPromethium
69%
7NNitrogen
69%
53IIodine
69%
5BBoron
67%
6CCarbon
66%
9FFluorine
63%
16SSulfur
63%
92UUranium
60%
15PPhosphorus
57%
19KPotassium
52%
74WTungsten
47%
39YYttrium
47%
23VVanadium
37%

Score Distribution

Percentile by Number Answered

Percent of People with Each Score

Your Score History

You have not taken this quiz